LEADER 00629nas 2200241 450 001 000003570 005 20081128121252.0 011 $a0021-3268 100 $a20020219a1948----km-y0itay50------ba 101 0 $aita 102 $aIT 110 $aahao---0uu- 200 1 $aIustitia$fUnione giuristi cattolici italiani 210 $aMilano$cGiuffrè$d1948- 215 $afascicoli 326 $aTrimestrale 610 1 $aGiurispudenza 712 02$aUnione giuristi cattolici italiani 801 0$aIT$bUNIPARTHENOPE$gRICA$2UNIMARC 912 $a000003570 958 $a1953-1971$cNAVA1 996 $aIustitia$9793306 997 $aUNIPARTHENOPE